000 00460nam a22001817a 4500
003 NUST - PNEC
005 20170116180849.0
008 150824b xxu||||| |||| 00| 0 eng d
020 _a0070223378
040 _cLIBRARY
082 _a604.2 FRE
100 _95591
_aHelsel, Jay D
245 _aMechanical drawing : CAD-communications
_cJay D. Hselel
250 _a11th ed
260 _cc1990.
650 _95592
_a Mechanical drawing
_xME
942 _2ddc
_cBK
999 _c64544
_d64544